000 00652nam a2200121Ia 4500
008 220615s9999||||xx |||||||||||||| ||und||
245 0 _aTowards an Emissions Trading System in Mexico: Rationale, Design and Connections with the Global Climate Agenda
_bOutlook on the first ETS in Latin-America and Exploration of the Way Forward
546 _aEnglish[eng]
650 _aClimate change in Mexico||Emissions trading systems||Greenhouse gas emissions||Policy making||Global South||Environmental economics||Open Access
700 _aLucatello, Simone
856 _uhttps://library.oapen.org/bitstream/20.500.12657/52415/1/978-3-030-82759-5.pdf
942 _cEB
999 _c10539
_d10539